Smernica o norme prirodzených úbytkov zásob
Cieľ smernice o norme prirodzených úbytkov zásob. Zásoby vlastnej výroby, spotrebiteľské zásoby, dodávateľské zásoby. Prirodzené úbytky zásob. Stanovenie noriem prirodzených úbytkov. Účtovanie noriem prirodzených úbytkov zásob. Inventarizácia zásob.
Salvato in:
| Autore principale: | |
|---|---|
| Natura: | Capitolo di libro |
| Lingua: | slovacco |
| Soggetti: | |
| Tags: |
Nessun Tag, puoi essere il primo ad aggiungerne!!
|
MARC
| LEADER | 00000naa a2200000 4500 | ||
|---|---|---|---|
| 001 | 0282117 | ||
| 005 | 20240417075155.6 | ||
| 041 | 0 | |a slo | |
| 044 | |a SK | ||
| 245 | 1 | 0 | |a Smernica o norme prirodzených úbytkov zásob |c Martin Mikláš |
| 520 | |a Cieľ smernice o norme prirodzených úbytkov zásob. Zásoby vlastnej výroby, spotrebiteľské zásoby, dodávateľské zásoby. Prirodzené úbytky zásob. Stanovenie noriem prirodzených úbytkov. Účtovanie noriem prirodzených úbytkov zásob. Inventarizácia zásob. | ||
| 610 | 2 | 0 | |a účtovníctvo podvojné |
| 610 | 2 | 0 | |a zásoby |
| 610 | 2 | 0 | |a normy |
| 610 | 2 | 0 | |a prípady účtovné |
| 610 | 2 | 0 | |a jednotka účtovná |
| 610 | 2 | 0 | |a inventarizácia |
| 100 | 1 | |a Mikláš, Martin | |